000 00674nam a2200217 a 4500
999 _c3951
_d3951
001 3951
003 BD-JhCC
005 20171119205910.0
008 171119s1967 bg |||| ||a| 00| 0 ben d
035 _a(BD-JhCC)3951
040 _aBD-JhCC
_dBD-JhCC
041 _aben
082 _a891.4409
_bALI 1967
100 _aআলী, সৈয়দ মুর্তাজা
245 _aপ্রবন্ধ - বিচিত্রা /
_cসৈয়দ মুর্তাজা আলী
260 _aঢাকা :
_bবাংলা একাডেমী,
_c1967.
300 _a483 p. :
_c22 cm.
650 _aBenglai Literature
942 _2ddc
_cBK